[Event "Mumbai Mayors Cup 1st"]
[Site "Mumbai"]
[Date "2008.05.19"]
[Round "11"]
[White "Kathmale, Sameer"]
[Black "Hegde, Ravi Gopal"]
[Result "1-0"]
[WhiteElo "2078"]
[BlackElo "2233"]
[PlyCount "105"]
[EventDate "2008.05.11"]
[EventType "swiss"]
[EventRounds "11"]
[EventCountry "IND"]
[SourceTitle "CBM 124 Extra"]
[Source "ChessBase"]
[SourceDate "2008.07.03"]
[SourceVersion "1"]
[SourceVersionDate "2008.07.03"]
[SourceQuality "1"]

1. e4 e5 2. Nf3 Nc6 3. Bb5 a6 4. Bxc6 dxc6 5. d3 f6 6. Be3 Bd6 7. c3 Ne7 8. Qb3 Qd7 9. Nbd2 Qe6 10. d4 exd4 11. Nxd4 Qxb3 12. axb3 Bd7 13. Nc4 Ng6 14. 0-0-0 0-0-0 15. Rd2 Rhe8 16. f3 Bf8 17. b4 c5 18. bxc5 Bxc5 19. Rhd1 Bf8 20. Na5 Ne5 21. Nc2 b6 22. Nb3 Nc4 23. Rd4 Be6 24. Nd2 Nxe3 25. Rxd8+ Rxd8 26. Nxe3 Bc5 27. Ndf1 Rxd1+ 28. Kxd1 a5 29. Kd2 a4 30. f4 Bd6 31. g3 Kb7 32. Nc2 c5 33. Na3 Kc6 34. c4 Bh3 35. Ne3 Be6 36. Nd1 g5 37. Ke3 gxf4+ 38. gxf4 Kb7 39. Nc3 Ka6 40. Nxa4 Ka5 41. b3 Kb4 42. f5 Bxf5 43. Nb5 Bxh2 44. exf5 Kxb3 45. Nxb6 Be5 46. Kd3 Kb4 47. Nc3 h5 48. Nbd5+ Kb3 49. Ne4 h4 50. Ndxf6 h3 51. Ng4 h2 52. Nxh2 Bxh2 53. f6 1-0

[Event "Mumbai Mayors Cup 1st"]
[Site "Mumbai"]
[Date "2008.05.18"]
[Round "10"]
[White "Hegde, Ravi Gopal"]
[Black "Yashas, Devappa"]
[Result "1-0"]
[WhiteElo "2233"]
[BlackElo "1996"]
[PlyCount "85"]
[EventDate "2008.05.11"]
[EventType "swiss"]
[EventRounds "11"]
[EventCountry "IND"]
[SourceTitle "CBM 124 Extra"]
[Source "ChessBase"]
[SourceDate "2008.07.03"]
[SourceVersion "1"]
[SourceVersionDate "2008.07.03"]
[SourceQuality "1"]

1. Nf3 Nf6 2. c4 e6 3. g3 d5 4. Bg2 c6 5. b3 Bd6 6. Bb2 0-0 7. 0-0 Nbd7 8. d4 Ne4 9. Qc2 f5 10. e3 Ndf6 11. Ba3 Bxa3 12. Nxa3 Bd7 13. Qb2 Qe7 14. Ne5 Rfc8 15. Nc2 Be8 16. a4 Nd6 17. Ne1 Nd7 18. N1d3 Nxe5 19. Nxe5 Nf7 20. Nd3 g5 21. Rfc1 h5 22. Rc2 Nd6 23. Rac1 h4 24. gxh4 g4 25. Nf4 Bf7 26. Qa3 Rd8 27. h5 Qg5 28. a5 a6 29. Qb4 Rd7 30. f3 gxf3 31. Rf1 Bxh5 32. Nxh5 Qxh5 33. Bxf3 Qh6 34. Qe1 Rg7+ 35. Rg2 Rxg2+ 36. Bxg2 dxc4 37. Qg3+ Kf7 38. Qxd6 Qxe3+ 39. Kh1 Qxb3 40. d5 cxd5 41. Bxd5 Re8 42. Rxf5+ Kg7 43. Qd7+ 1-0

[Event "Mumbai Mayors Cup 1st"]
[Site "Mumbai"]
[Date "2008.05.14"]
[Round "5"]
[White "Gambhire, Mangesh"]
[Black "Hegde, Ravi Gopal"]
[Result "0-1"]
[WhiteElo "1871"]
[BlackElo "2233"]
[PlyCount "64"]
[EventDate "2008.05.11"]
[EventType "swiss"]
[EventRounds "11"]
[EventCountry "IND"]
[SourceTitle "CBM 124 Extra"]
[Source "ChessBase"]
[SourceDate "2008.07.03"]
[SourceVersion "1"]
[SourceVersionDate "2008.07.03"]
[SourceQuality "1"]

1. Nf3 Nf6 2. g3 g6 3. Bg2 Bg7 4. 0-0 0-0 5. d3 d5 6. Nbd2 c5 7. e4 Nc6 8. Re1 e5 9. c3 d4 10. Nc4 Ne8 11. cxd4 cxd4 12. a4 Nd6 13. Nfd2 Be6 14. b3 Re8 15. Ba3 Bf8 16. Rf1 f6 17. f4 Nxc4 18. bxc4 Bxa3 19. Rxa3 Qd6 20. Rb3 b6 21. f5 Bf7 22. Qb1 Kg7 23. Qb2 Rec8 24. Rb5 Na5 25. Nb3 a6 26. c5 bxc5 27. Rxa5 Rab8 28. Rc1 Rxb3 29. Qd2 Qb6 30. fxg6 hxg6 31. Bh3 Rc7 32. Bg4 Rb4 0-1

[Event "Mumbai Mayors Cup 1st"]
[Site "Mumbai"]
[Date "2008.05.13"]
[Round "4"]
[White "Hegde, Ravi Gopal"]
[Black "Solkar, GD."]
[Result "1-0"]
[WhiteElo "2233"]
[BlackElo "1964"]
[PlyCount "80"]
[EventDate "2008.05.11"]
[EventType "swiss"]
[EventRounds "11"]
[EventCountry "IND"]
[SourceTitle "CBM 124 Extra"]
[Source "ChessBase"]
[SourceDate "2008.07.03"]
[SourceVersion "1"]
[SourceVersionDate "2008.07.03"]
[SourceQuality "1"]

1. d4 Nf6 2. Nf3 e6 3. g3 c5 4. Bg2 Nc6 5. 0-0 cxd4 6. Nxd4 Qb6 7. Nb3 Be7 8. c4 0-0 9. Nc3 Qb4 10. Nd2 a6 11. a3 Qa5 12. Nde4 Nxe4 13. Nxe4 d5 14. cxd5 exd5 15. Nc3 d4 16. Nd5 Qd8 17. Bf4 Bd6 18. Rc1 Be6 19. e4 dxe3 20. Bxe3 Bxd5 21. Qxd5 Be5 22. Qa2 Qf6 23. b4 Rac8 24. Rfd1 Rfd8 25. Rd5 Rxd5 26. Bxd5 Rd8 27. Kg2 h5 28. h4 Qe7 29. Rd1 Kh8 30. Bc5 Bd6 31. Bxc6 bxc6 32. Qd2 Qe4+ 33. f3 Qd5 34. Qxd5 cxd5 35. Rxd5 Be7 36. Rxd8+ Bxd8 37. a4 f6 38. b5 axb5 39. axb5 Bc7 40. b6 Bb8 1-0

[Event "Commonwealth-ch"]
[Site "New Delhi"]
[Date "2007.12.09"]
[Round "9"]
[White "Hegde, Ravi Gopal"]
[Black "Smerdon, David"]
[Result "0-1"]
[WhiteElo "2277"]
[BlackElo "2466"]
[PlyCount "108"]
[EventDate "2007.12.03"]
[EventType "swiss"]
[EventRounds "10"]
[EventCountry "IND"]
[SourceTitle "CBM 121 Extra"]
[Source "ChessBase"]
[SourceDate "2008.01.10"]
[SourceVersion "1"]
[SourceVersionDate "2008.01.10"]
[SourceQuality "1"]

1. Nf3 Nf6 2. c4 e6 3. g3 d5 4. Bg2 dxc4 5. 0-0 Nbd7 6. Qa4 a6 7. Qxc4 b5 8. Qc2 Bb7 9. a4 c5 10. b3 Be7 11. Bb2 0-0 12. d3 Nd5 13. Nbd2 Nb4 14. Qb1 Bf6 15. Ne4 Be7 16. Rc1 Qb6 17. d4 Rac8 18. axb5 axb5 19. h4 h6 20. dxc5 Nxc5 21. Ne5 Nxb3 22. Nd7 Rxc1+ 23. Bxc1 Qd4 24. Nxf8 Qxa1 25. Qxa1 Nxa1 26. Nd7 Nd5 27. Nec5 Bc8 28. Bb2 Nc2 29. Be4 Ncb4 30. Kf1 f5 31. Bb1 Nc6 32. e4 fxe4 33. Bxe4 Kf7 34. h5 Bxd7 35. Bg6+ Kg8 36. Nxd7 Nf6 37. Ne5 Nxe5 38. Bxe5 Nd5 39. Ke2 Bf6 40. Bxf6 gxf6 41. Kd3 Kf8 42. Kd4 Ke7 43. Kc5 f5 44. Kxb5 Nc3+ 45. Kc6 Kf6 46. f3 Ne2 47. g4 Nd4+ 48. Kd6 Nxf3 49. gxf5 exf5 50. Kd5 Kg5 51. Be8 Nh2 52. Bg6 Kg4 53. Be8 f4 54. Ke5 f3 0-1

[Event "IND-chB 45th"]
[Site "Dindigul"]
[Date "2007.06.15"]
[Round "7"]
[White "Sundararajan, Kidambi"]
[Black "Hegde, Ravi Gopal"]
[Result "1-0"]
[WhiteElo "2458"]
[BlackElo "2294"]
[PlyCount "73"]
[EventDate "2007.06.11"]
[EventType "swiss"]
[EventRounds "12"]
[EventCountry "IND"]
[SourceTitle "CBM 119 Extra"]
[Source "ChessBase"]
[SourceDate "2007.09.04"]
[SourceVersion "1"]
[SourceVersionDate "2007.09.04"]
[SourceQuality "1"]

1. d4 Nf6 2. Nf3 d6 3. c4 Nbd7 4. Nc3 e5 5. Bg5 Be7 6. e3 h6 7. Bh4 0-0 8. Qc2 a6 9. Be2 Re8 10. 0-0 exd4 11. Nxd4 Nc5 12. Rad1 Nfe4 13. Nxe4 Nxe4 14. Bxe7 Qxe7 15. Bd3 Bd7 16. Rfe1 Rad8 17. f3 Nc5 18. Bh7+ Kh8 19. Bf5 Qg5 20. Bxd7 Nxd7 21. Nf5 Re5 22. e4 Ra5 23. Rd5 Rxd5 24. cxd5 Ne5 25. Rf1 Qf6 26. Qxc7 g6 27. f4 Ng4 28. e5 dxe5 29. fxe5 Nxe5 30. Nxh6 Qd6 31. Nxf7+ Nxf7 32. Rxf7 Qxc7 33. Rxc7 b5 34. Rc5 Kg7 35. Kf2 Rh8 36. d6 Kf6 37. d7 1-0

[Event "IND-chB 45th"]
[Site "Dindigul"]
[Date "2007.06.13"]
[Round "4"]
[White "Hegde, Ravi Gopal"]
[Black "Prasanna Raghuram, Rao"]
[Result "0-1"]
[WhiteElo "2294"]
[BlackElo "2173"]
[PlyCount "82"]
[EventDate "2007.06.11"]
[EventType "swiss"]
[EventRounds "12"]
[EventCountry "IND"]
[SourceTitle "CBM 119 Extra"]
[Source "ChessBase"]
[SourceDate "2007.09.04"]
[SourceVersion "1"]
[SourceVersionDate "2007.09.04"]
[SourceQuality "1"]

1. Nf3 Nf6 2. c4 e6 3. g3 d5 4. Bg2 Be7 5. 0-0 0-0 6. d4 dxc4 7. Qc2 a6 8. Nbd2 b5 9. Ng5 Ra7 10. b3 h6 11. Nge4 cxb3 12. Nxb3 Bb7 13. Nxf6+ Bxf6 14. e4 Nd7 15. a4 c5 16. Be3 c4 17. Nd2 Ra8 18. Rab1 Rc8 19. Rfd1 c3 20. Nf3 Qb6 21. axb5 axb5 22. Ra1 Qc7 23. Ra7 Bxe4 24. Qa2 Qc6 25. d5 Bxd5 26. Rxd5 exd5 27. Ne1 c2 28. Nd3 Qc4 29. Qxc4 dxc4 30. Nb4 Ne5 31. Nxc2 Rfd8 32. Be4 Nd3 33. Rb7 Rb8 34. Rc7 Rdc8 35. Ra7 b4 36. Bd5 b3 37. Na3 b2 38. Bxf7+ Kh8 39. Be6 Ra8 40. Bxc8 Rxa7 41. Bxa7 c3 0-1

[Event "New Delhi Parsvnath op 5th"]
[Site "New Delhi"]
[Date "2007.01.15"]
[Round "6"]
[White "Saptarshi, Roy Chowdhury"]
[Black "Hegde, Ravi Gopal"]
[Result "1/2-1/2"]
[WhiteElo "2396"]
[BlackElo "2275"]
[PlyCount "49"]
[EventDate "2007.01.15"]
[EventType "swiss"]
[EventRounds "10"]
[EventCountry "IND"]
[SourceTitle "CBM 116 Extra"]
[Source "ChessBase"]
[SourceDate "2007.03.07"]
[SourceVersion "1"]
[SourceVersionDate "2007.03.07"]
[SourceQuality "1"]

1. e4 c5 2. Nf3 Nc6 3. d4 cxd4 4. Nxd4 Qb6 5. Nb3 Nf6 6. Nc3 e6 7. Be3 Qc7 8. Bd3 a6 9. f4 d6 10. Qf3 b5 11. g4 Bb7 12. g5 Nd7 13. f5 Nce5 14. Qh3 exf5 15. Qxf5 g6 16. Qf4 Bg7 17. 0-0-0 b4 18. Nd5 Bxd5 19. exd5 Nxd3+ 20. Rxd3 Rc8 21. Rd2 Ne5 22. Kb1 0-0 23. Rf2 a5 24. Nd4 Qb7 25. Rd1 1/2-1/2

[Event "Hyderabad op 1st"]
[Site "Hyderabad"]
[Date "2006.02.27"]
[Round "3"]
[White "Hegde, Ravi Gopal"]
[Black "Hossain, Enamul"]
[Result "1/2-1/2"]
[WhiteElo "2327"]
[BlackElo "2468"]
[PlyCount "54"]
[EventDate "2006.02.25"]
[EventType "swiss"]
[EventRounds "10"]
[EventCountry "IND"]
[SourceTitle "CBM 111 Extra"]
[Source "ChessBase"]
[SourceDate "2006.05.09"]
[SourceVersion "1"]
[SourceVersionDate "2006.05.09"]
[SourceQuality "1"]

1. Nf3 Nf6 2. c4 c6 3. d4 d5 4. Nc3 dxc4 5. e4 b5 6. e5 Nd5 7. a4 h6 8. axb5 Nxc3 9. bxc3 cxb5 10. Be2 Be6 11. Nd2 Bd5 12. Bf3 e6 13. Ne4 a6 14. 0-0 Nd7 15. Re1 Nb6 16. Bf4 Be7 17. Qd2 Bxe4 18. Bxe4 Nd5 19. Qc2 Bg5 20. Bxg5 hxg5 21. Bxd5 exd5 22. e6 f6 23. Qb1 Ke7 24. Qg6 Qg8 25. Qf5 Qd8 26. Qg6 Qg8 27. Qf5 Qd8 1/2-1/2